000 00653nam a2200205 u 4500
005 20240314063637.0
008 081003s2006 ea r 000 0 spa d
020 _a140426549X
035 _aUPN01000162134
049 _aI
050 4 _aPZ71
_bR6.48
100 1 _aRoza, Greg,
_d1971-
_933672
245 1 3 _aEl lunch de Lucía /
_bGreg Roza ; tr. José María Obregón.
260 _aNew York. :
_bRose Classroom Book & Materials,
_c2006.
300 _a8 p. :
_bprincipalmente il. col.
440 0 _aLectura del barrio
650 4 _aCuentos infantiles estadounidenses
_910762
650 7 _aLibros ilustrados para niños
_2
_921365
905 _aInfantil
999 _c134247
_d134247